Geografía histórico-militar de España y Portugal / (Record no. 154414)

MARC details
000 -LEADER
campo de control de longitud fija 00728nam a22001935i 4500
001 - NÚMERO DE CONTROL
campo de control 154414
003 - IDENTIFICADOR DE NÚMERO DE CONTROL
campo de control ES-MaACL
005 - FECHA Y HORA DE LA ÚLTIMA TRANSACCIÓN
campo de control 20230906205722.0
008 - DATOS DE LONGITUD FIJA--INFORMACIÓN GENERAL
campo de control de longitud fija 961110s1859 sp |||| | spa d
040 ## - FUENTE DE CATALOGACIÓN
Centro catalogador/agencia de origen CLM
Lengua de catalogación spa
Centro/agencia transcriptor CCPB | SIC
100 0# - ENTRADA PRINCIPAL--NOMBRE DE PERSONA
Nombre de persona Gómez de Arteche, José.
9 (RLIN) 57884
245 10 - MENCIÓN DEL TÍTULO
Título Geografía histórico-militar de España y Portugal /
Mención de responsabilidad, etc. escrita por el coronel José Gómez de Arteche.
260 ## - PUBLICACIÓN, DISTRIBUCIÓN, ETC.
Lugar de publicación, distribución, etc. Madrid :
Nombre del editor, distribuidor, etc. [s.n.],
Fecha de publicación, distribución, etc. 1859 (
Fabricante Estab. tip. de Francisco de P. Mellado)
300 ## - DESCRIPCIÓN FÍSICA
Extensión 2 v.(487, 690 p.) ;
Dimensiones 17 cm.
651 #4 - PUNTO DE ACCESO ADICIONAL DE MATERIA--NOMBRE GEOGRÁFICO
Nombre geográfico España-
Subdivisión general Geografía.
9 (RLIN) 8200
651 #4 - PUNTO DE ACCESO ADICIONAL DE MATERIA--NOMBRE GEOGRÁFICO
Nombre geográfico Portugal-
Subdivisión general Geografía.
9 (RLIN) 9254
852 ## - LOCALIZACIÓN
Ubicación ES-MaACL
Número de control de estantería G-11007-08
Nota libre -- Enc. hol.
-- .- Legado Calderón
852 ## - LOCALIZACIÓN
Ubicación ES-MaACL
Número de control de estantería C-9-10
Nota libre -- Enc. hol.
Holdings
Estatus retirado Estado de pérdida Estado de daño No para préstamo Colección Biblioteca de origen Biblioteca actual Ubicación en estantería Fecha de adquisición Fuente de adquisición Total de préstamos Signatura topográfica completa Código de barras Visto por última vez Precio de reemplazo Tipo de ítem Koha
        Libros del s. XIX Biblioteca del Ateneo de Madrid Biblioteca del Ateneo de Madrid Sala Palomar 17/01/2008     C-9-10 1161484 23/02/2023 23/02/2023 Libro impreso antiguo
        Libros del s. XIX Biblioteca del Ateneo de Madrid Biblioteca del Ateneo de Madrid Sala Pecera Planta 3 17/01/2008     G-11007-08 1161483 23/02/2023 23/02/2023 Libro impreso antiguo